English for competitive Examinations: (Record no. 163779)

MARC details
000 -LEADER
fixed length control field 00675nam a2200193 4500
005 - DATE AND TIME OF LATEST TRANSACTION
control field 20190430124139.0
010 ## - LCCN (DPL NO)
LC control number B-224990
020 ## - INTERNATIONAL STANDARD BOOK NUMBER
International Standard Book Number 812591661-X
Terms of availability 00.00
035 ## - SYSTEM CONTROL NUMBER
System control number B-224990
037 ## - SOURCE OF ACQUISITION
Source of stock number/acquisition DBAD/PUB
082 ## - DEWEY DECIMAL CLASSIFICATION NUMBER
Classification number 485
100 ## - MAIN ENTRY--PERSONAL NAME
Personal name Chawla,Swarn
245 ## - TITLE STATEMENT
Title English for competitive Examinations:
Remainder of title Practice tests for language proficiency/
Statement of responsibility, etc by Swarn Chawla
260 ## - PUBLICATION, DISTRIBUTION, ETC. (IMPRINT)
Place of publication, distribution, etc New Delhi
Name of publisher, distributor, etc Vikas Publishing House Pvt. Ltd.
Date of publication, distribution, etc 2006
270 ## - ADDRESS
Address 5,Ansari Road
City New Delhi
Postal code 110002
Telephone number 23273601
Electronic mail address helpline@vikaspublishing.com
300 ## - PHYSICAL DESCRIPTION
Extent xiii,304p.
Dimensions 23cms(hbk)
942 ## - ADDED ENTRY ELEMENTS (KOHA)
Source of classification or shelving scheme Dewey Decimal Classification
Item type English Books
Classification part 485
Call number suffix CHA
Holdings
Withdrawn status Lost status Not for loan Collection code Home library Current library Date acquired Source of acquisition Full call number Barcode Copy number Koha item type Cost, normal purchase price Cost, replacement price
      Non-fiction Central Library Central Library 30/04/2019 DBAD/PUB 485 CHA B-224990 1 English Books    
      Non-fiction Sarojini Nagar Sarojini Nagar 11/07/2019 BPPD/PUB 485 CHA B-225007 1 English Books 150.00 150.00
      Non-fiction Yojana Vihar Yojana Vihar 11/07/2019 BPPD/PUB 485 CHA B-225017 1 English Books 150.00 150.00

© Delhi Public Library
Hit Counter
free hit counter